Govt. of
Madhya Pradesh

Ganga (Record no. 2995)

MARC details
000 -LEADER
fixed length control field 004400000a22001810004500
003 - CONTROL NUMBER IDENTIFIER
control field MACL
005 - DATE AND TIME OF LATEST TRANSACTION
control field 20150729170215.0
008 - FIXED-LENGTH DATA ELEMENTS--GENERAL INFORMATION
fixed length control field 150729b xxu||||| |||| 00| 0 eng d
040 ## - CATALOGING SOURCE
Original cataloging agency MACL
Transcribing agency MACL
041 ## - LANGUAGE CODE
Language code of text/sound track or separate title English
082 ## - DEWEY DECIMAL CLASSIFICATION NUMBER
Classification number 333.73/BIL
100 ## - MAIN ENTRY--PERSONAL NAME
Personal name Bilgrami, K. S.
9 (RLIN) 3340
245 ## - TITLE STATEMENT
Title Ganga
Remainder of title The Living
260 ## - PUBLICATION, DISTRIBUTION, ETC. (IMPRINT)
Name of publisher, distributor, etc. Narendra Publishing House
Date of publication, distribution, etc. 1991
Place of publication, distribution, etc. Delhi
350 ## - PRICE (NR) (BK AM CF MU VM SE) [OBSOLETE]
Price 375
650 ## - SUBJECT ADDED ENTRY--TOPICAL TERM
Topical term or geographic name as entry element Economics
9 (RLIN) 3341
942 ## - ADDED ENTRY ELEMENTS (KOHA)
Koha item type Books
Call number prefix 333.7
Source of classification or shelving scheme
Holdings
Withdrawn status Lost status Source of classification or shelving scheme Damaged status Not for loan Home library Current library Date acquired Cost, normal purchase price Total Checkouts Full call number Barcode Date last seen Uniform Resource Identifier Price effective from Koha item type
          MACL MACL 15/04/2015 375.00   333.7/BIL CRE008126 02/05/2024 2981 15/04/2015 Books